| 000 | 00000nam 2200000za 4500 |
| 001 | 9.822508 |
| 003 | CaOODSP |
| 005 | 20221107143707 |
| 007 | cr ||||||||||| |
| 008 | 160812s2009 qucabo ob f000 0 eng d |
| 020 | |z0-662-43918-X |
| 040 | |aCaOODSP|beng |
| 043 | |an-cn--- |
| 086 | 1 |aR64-105/35-2006E-PDF|zR64-105/35-2006E |
| 110 | 2 |aParks Canada. |
| 245 | 10|aHalifax Citadel, Georges Island, Fort McNab, Prince of Wales Tower and York Redoubt National Historic Sites of Canada |h[electronic resource] : |bmanagement plan. |
| 246 | 16|iRunning title: |aFort Walsh NHSC management plan |
| 260 | |a[Gatineau, QC] : |bParks Canada, |cc2009. |
| 300 | |ax, 70 p. : |bill., maps |
| 500 | |aIssued also in French under title: Lieux historiques nationaux du Canada de la Citadelle-d'Halifax, de l'Île-Georges, du Fort-McNab, de la Tour-Prince-de-Galles et de la Redoute-York : plan directeur. |
| 504 | |aIncludes bibliographical references (p. 67). |
| 530 | |aIssued also in printed form. |
| 692 | 07|2gccst|aHistoric sites |
| 692 | 07|2gccst|aManagement |
| 692 | 07|2gccst|aPlanning |
| 775 | 08|tLieux historiques nationaux du Canada de la Citadelle-d'Halifax, de l'Île-Georges, du Fort-McNab, de la Tour-Prince-de-Galles et de la Redoute-York |w(CaOODSP)9.822511 |
| 776 | 0#|tHalifax Citadel, Georges Island, Fort McNab, Prince of Wales Tower and York Redoubt national historic sites of Canada - management plan |w(CaOODSP)9.650274 |
| 856 | 40|qPDF|s2.87 MB|uhttps://publications.gc.ca/collections/collection_2016/pc/R64-105-35-2006-eng.pdf |